Anglais - Verbes irréguliers - Statistiques

Statistiques générales
  • Ce quiz a été pris 41 fois
  • Le résultat moyen est 13 sur 20
Statistiques - réponses
Hint Réponse % Correct
Take Took
97%
Buy Buy
92%
Win Win
92%
Go Went
90%
Write Wrote
90%
Choose Chose
85%
Dig Dug
85%
Keep Keep
85%
Show Shown
82%
Upset Upset
82%
Feel Felt
79%
Hurt Hurt
79%
Lose Lose
79%
Stride Strode
72%
Teach Teach
56%
Abode Abode
41%
Wed Wedded
13%
Slay Slain
10%
Cleave Cleft
8%
Shoe Shoe
8%
Aucun quiz correspondant
Distribution des résultats
% des personnes avec chaque résultat
Percentile par nombre de réponses
Votre historique - résultats
Vous n’avez pas pris ce quiz